| 000 | 00477nab a2200145Ia 4500 | ||
|---|---|---|---|
| 003 | ES-SlBCS | ||
| 005 | 20210601145814.0 | ||
| 008 | 140529s2003 xxu||||| |||| 00| 0 spa d | ||
| 041 | _aspa | ||
| 100 | 1 |
_aAlegre, Atanasio _9317000 |
|
| 245 | 0 | 0 |
_aLos criptojudíos españoles, una comunidad amurallada _c Atanasio Alegre |
| 650 | 0 | 4 |
_aExpulsión de los Judíos-España _9317061 |
| 773 | 0 |
_tRevista Universidad de Antioquía _gnº. 273, 2003, págs. 103-111 _wRev506 |
|
| 942 | _cAR | ||
| 999 |
_c730287 _d730287 |
||